|
|
|
|
| LEADER |
00000nam0a2200000 4500 |
| 001 |
57858 |
| 005 |
20231031054513.0 |
| 035 |
|
|
|a (RuTPU)RU\TPU\book\61083
|
| 090 |
|
|
|a 57858
|
| 100 |
|
|
|a 20031118d1980 m y0rusy50 ca
|
| 101 |
0 |
|
|a rus
|
| 102 |
|
|
|a RU
|
| 105 |
|
|
|a a j 001zy
|
| 200 |
1 |
|
|a Введение в теорию информации (кодирование источников)
|e учебное пособие
|f В. Д. Колесник, Г. Ш. Полтырев
|
| 210 |
|
|
|a Ленинград
|c Изд-во ЛГУ
|d 1980
|
| 215 |
|
|
|a 163 с.
|c ил.
|
| 320 |
|
|
|a Библиогр.: с. 161
|
| 610 |
1 |
|
|a информация
|
| 610 |
1 |
|
|a источники
|
| 610 |
1 |
|
|a теория
|
| 610 |
1 |
|
|a кодирование
|
| 610 |
1 |
|
|a теоремы
|
| 610 |
1 |
|
|a эпсилон-энтропия
|
| 610 |
1 |
|
|a непрерывные источники
|
| 610 |
1 |
|
|a зависимые источники
|
| 610 |
1 |
|
|a учебные пособия
|
| 675 |
|
|
|a 621.391(075.8)
|v 3
|
| 700 |
|
1 |
|a Колесник
|b В. Д.
|g Виктор Дмитриевич
|
| 701 |
|
1 |
|a Полтырев
|b Г. Ш.
|g Григорий Шоулович
|
| 801 |
|
1 |
|a RU
|b 63413507
|c 20031118
|g PSBO
|
| 801 |
|
2 |
|a RU
|b 63413507
|c 20101030
|g PSBO
|
| 942 |
|
|
|c BK
|